خلاف الأصل في أصول الفقه الإسلامي : دراسة تحليلية نقدية /
Abstract in English and Arabic.
Saved in:
| Main Author: | |
|---|---|
| Other Authors: | |
| Format: | Thesis |
| Language: | Arabic |
| Published: |
Malaysia :
al-Jami'ah al-Islamiyah al-'Alamiyah bi Maliziya,
2000
|
| Subjects: | |
| Tags: |
Add Tag
No Tags, Be the first to tag this record!
|
| LEADER | 019310000a22003730004500 | ||
|---|---|---|---|
| 001 | 230375 | ||
| 005 | 20230713062752.0 | ||
| 008 | 020822s2000 my g 000 0 ara d | ||
| 035 | |a (Sirsi) 230375 | ||
| 040 | |a UIAM |b eng | ||
| 050 | 0 | 0 | |a BP144.4 |
| 100 | 1 | |a سالم، محمد بن محمد البشير بن الحاج |9 119958 | |
| 242 | 1 | 0 | |a Khilaf al-asl fi usul al-fiqh al-Islami : |b dirasat tahliliyat naqdiyat |
| 245 | 1 | 0 | |a خلاف الأصل في أصول الفقه الإسلامي : |b دراسة تحليلية نقدية / |c محمد بن محمد البشير بن الحاج سالم |
| 260 | |a Malaysia : |b al-Jami'ah al-Islamiyah al-'Alamiyah bi Maliziya, |c 2000 | ||
| 300 | |a 425 p. ; |c 30 cm. | ||
| 336 | |2 rdacontent | ||
| 337 | |2 rdamedia | ||
| 338 | |2 rdacarrier | ||
| 500 | |a "Bahth muqaddim li nayl darjat al-dukturah fi al-fiqh wa usul al-fiqh" -- T.p. | ||
| 502 | |a Thesis (Ph.D.) -- International Islamic University Malaysia, 2000. | ||
| 504 | |a Includes bibliographical references (p. 409-425). | ||
| 520 | 0 | |a Abstract in English and Arabic. | |
| 610 | 2 | 0 | |a International Islamic University Malaysia |x Departments Evaluation |9 114184 |
| 650 | 0 | |a Islamic law |x Interpretation and construction |9 2508 | |
| 650 | 0 | |a Islamic law |x Criticism, interpretation, etc |9 5030 | |
| 650 | 0 | |a Islamic law |x Criticism, interpretation, etc. | |
| 700 | 1 | |a Salim, Muhammad ibn Muhammad al-Bashir ibn al-Hajj |9 119959 | |
| 710 | 2 | |a International Islamic University Malaysia. |b Kulliyyah of Islamic Revealed Knowledge and Human Sciences | |
| 900 | |a naw-sar | ||
| 942 | |2 lcc |n 0 | ||
| 999 | |c 431914 |d 466680 | ||
| 952 | |0 0 |6 T BP 144.4 S165K 2000 |7 0 |8 THESES |9 753561 |a IIUM |b IIUM |c MULTIMEDIA |g 0.00 |o t BP 144.4 S165K 2000 |p 00011275113 |r 2017-10-17 |t 2 |v 0.00 |y THESIS | ||
| 952 | |0 0 |6 LU T BP 144.4 S165K 2000 |7 0 |8 THESES |9 754072 |a IIUM |b IIUM |c CLOSEACCES |g 0.00 |o lu t BP 144.4 S165K 2000 |p 00000670387 |r 2017-10-24 |t 1 |v 0.00 |y THESIS | ||
